书目信息 |
| 题名: |
家庭阅读指导
|
|
| 作者: | 曹文 主编 ;钱垂君 译 | |
| 分册: | 1 五级 | |
| 出版信息: | 北京 外语教学与研究出版社 2015.09 |
|
| 页数: | 44页 | |
| 开本: | 20cm | |
| 丛书名: | ||
| 单 册: | ||
| 中图分类: | H319.4 | |
| 科图分类: | ||
| 主题词: | 英语 | |
| 电子资源: | ||
| ISBN: | 978-7-5135-6472-4 | |
| 000 | 00785nam0 2200241 450 | |
| 001 | 2635307315 | |
| 005 | 20260625095101.42 | |
| 010 | @a978-7-5135-6472-4@dCNY65.00(全7册) | |
| 100 | @a20260624d2015 km y0chiy0120 ea | |
| 101 | 0 | @achi |
| 102 | @aCN@b110000 | |
| 200 | 1 | @a家庭阅读指导@AJia Ting Yue Du Zhi Dao@e大猫英语分级阅读@h1@i五级@f曹文主编;钱垂君等译@FCao Wen Zhu Bian;Qian Chui Jun Deng Yi |
| 210 | @a北京@c外语教学与研究出版社@d2015.09 | |
| 215 | @a44页@d20cm | |
| 300 | @a适合小学三、四年级 | |
| 517 | 1 | @a大猫英语分级阅读@ADa Mao Ying Yu Fen Ji Yue Du |
| 517 | 1 | @a五级@AWu Ji |
| 606 | 0 | @a英语 |
| 690 | @aH319.4@v4 | |
| 701 | 0 | @a曹文@ACao Wen@4主编 |
| 702 | 0 | @a钱垂君@AQian Chui Jun@4译 |
| 801 | 0 | @aCN@b河南城建学院图书馆@c20260624 |
| 905 | @dH319.4@eC1551:5:1 | |
| 家庭阅读指导:大猫英语分级阅读.1.五级/曹文主编;钱垂君等译.-北京:外语教学与研究出版社,2015.09 |
| 44页;20cm |
| 适合小学三、四年级 |
| ISBN 978-7-5135-6472-4:CNY65.00(全7册) |
| ● |
| 相关链接 |
|
|
|
正题名:家庭阅读指导
索取号:H319.4/C1551:5:1
 
预约/预借
| 序号 | 登录号 | 条形码 | 馆藏地/架位号 | 状态 | 备注 |
| 1 | 1557133 | 215571334 | 外国语学院资料室/ [索取号:H319.4/C1551:5:1] | 在馆 |